000 00339nam a22001331a 4500
082 _aH301 03
_bBAL/B
245 _aBharatheeya laghu katha kosh (v.2)/
_cby Balram (ed.)
260 _aNew Delhi:
_bDinman,
_c1996.
300 _a368p.
650 _aDictionary Stories Hindi
650 _aLiterature Hindi
650 _aLiterature
942 _cBK
999 _c4962
_d4962